Welcome to CU Library Online Public Access Catalogue (OPAC)

THE TALENTED MR. RIPLEY RIPLEY UNDER GROUND RIPLEY'S GAME (Record no. 7582)

MARC details
000 -LEADER
fixed length control field 00375nam a22001337a 4500
005 - DATE AND TIME OF LATEST TRANSACTION
control field 20250918114125.0
008 - FIXED-LENGTH DATA ELEMENTS--GENERAL INFORMATION
fixed length control field 250918b |||||||| |||| 00| 0 eng d
050 ## - LIBRARY OF CONGRESS CALL NUMBER
Classification number PA3000
Item number HIG
100 ## - MAIN ENTRY--PERSONAL NAME
Personal name HIGHSMITH PATRICIA
245 ## - TITLE STATEMENT
Title THE TALENTED MR. RIPLEY RIPLEY UNDER GROUND RIPLEY'S GAME
260 ## - PUBLICATION, DISTRIBUTION, ETC.
Place of publication, distribution, etc. LONDON
Name of publisher, distributor, etc. EVERYMAN PUBLISHERS PLC
Date of publication, distribution, etc. c1974
300 ## - PHYSICAL DESCRIPTION
Extent 877p
942 ## - ADDED ENTRY ELEMENTS (KOHA)
Source of classification or shelving scheme Library of Congress Classification
Koha item type Books
Suppress in OPAC No
999 ## -
-- 7582
-- 7582
Holdings
Withdrawn status Lost status Source of classification or shelving scheme Damaged status Not for loan Collection Home library Current library Shelving location Date acquired Total checkouts Full call number Barcode Date last seen Copy number Price effective from Koha item type
    Library of Congress Classification     Non-fiction Undergraduate Library (Christ Temple) Undergraduate Library (Christ Temple) General stacks 09/18/2025   PA3000 HIG ulct00004834 09/18/2025 1 09/18/2025 Books
© 2023-2024 Copyright: Central University Libraries. All Rights Reserved | Created by: Mahone Tech Office